00627 2200217 4500245010600000020002200106250001100128100001800139700001700157700002400174700003400198650001900232650001400251650001000265005001900275260005700294041001400351084000800365300002700373336000900400 aBuku Panduan Guru Bahasa Inggris b : Work in Progress untuk SMA/SMK/MA Kelas XcBudi HermawanhText a978-602-244-898-3 aCet. 1 aBudi Hermawan aDwi Haryanti aNining Suryaningsih aMade Ayu Utami Chandra Dewina aBahasa Inggris aBuku Guru aEbook a20240920071302 aJakartabKementerian Pendidikan dan Kebudayaanc2022 aIndonesia a420 axviii, 206 hlm. :cPDF atext